000 00756nam a22002057a 4500
999 _c58906
_d58906
005 20221018091407.0
008 221017s2011ge xxu||||| |||| 00| 0 ger d
020 _a9783484108974
041 _ager
080 _a821.112.2 B-85
100 _a Brenner, Peter J.
_915347
245 _a Neue deutsche Literaturgeschichte :
_b Neue deutsche Literaturgeschichte : 3. uberarb. und erw. Auflage /
_cPeter J. Brenner.
264 _aTübingen :
_bNiemeyer
_c2011.
300 _a439 p.:
_b22 cm.
440 _a Studium
_915348
653 _a Neue deutsche Literaturgeschichte
653 _aახალი გერმანული ლიტერატურის ისტორია
653 _aнемецкая литература
942 _2udc
_cBK